Luật bóng ném
Trình bày luật thi đấu bóng ném, những ký hiệu của trọng tài, giải thích một số điều luật thi đấu và biên bản thi đấu.
محفوظ في:
| مؤلف مشترك: | |
|---|---|
| التنسيق: | كتاب |
| اللغة: | Undetermined |
| منشور في: |
Hà Nội
Thể dục Thể thao
1999
|
| الموضوعات: | |
| الوسوم: |
إضافة وسم
لا توجد وسوم, كن أول من يضع وسما على هذه التسجيلة!
|
| Thư viện lưu trữ: | Trung tâm Học liệu Trường Đại học Cần Thơ |
|---|
| LEADER | 00713nam a2200205Ia 4500 | ||
|---|---|---|---|
| 001 | CTU_45918 | ||
| 008 | 210402s9999 xx 000 0 und d | ||
| 082 | |a 796.31 | ||
| 082 | |b U523 | ||
| 110 | |a Ủy Ban TDTT | ||
| 245 | 0 | |a Luật bóng ném | |
| 245 | 0 | |c Ủy Ban TDTT | |
| 260 | |a Hà Nội | ||
| 260 | |b Thể dục Thể thao | ||
| 260 | |c 1999 | ||
| 520 | |a Trình bày luật thi đấu bóng ném, những ký hiệu của trọng tài, giải thích một số điều luật thi đấu và biên bản thi đấu. | ||
| 526 | |a Bóng ném | ||
| 526 | |b TC396 | ||
| 650 | |a Bóng ném,Handball | ||
| 980 | |a Trung tâm Học liệu Trường Đại học Cần Thơ | ||